00470nam a2200193 a 4500001001300000003000900013005001700022008004100039020001000080082001300090100001800103245003200121260004100153300000900194500003500203505001000238650001000248700001800258nice12345678IN_TiNIC20260116012927.0050524s1892 lona grp 000 0 eng  ac10000a954bMUL aMuller, F Max aIndia, What Can It Teach Us aLondonbLongmans, Green and Coc1892 a315p aincludes index and biblioraphy2 aIndex aIndia1 aMuller, F Max